Biblioteca

Ephesians 4, the context of a theme (Registro nro. 62743)

Detalles MARC
000 -LÍDER
Campo fijo de descripción fija 01088aab a2200241 i 4500
001 - NÚMERO DE CONTROL
Campo de control 768714001
003 - IDENTIFICADOR DEL NÚMERO DE CONTROL
Campo de control CO-MdFUSB
005 - FECHA Y HORA DE LA ULTIMA TRANSACCIÓN
control field 20240710163848.0
008 - ELEMENTOS DE LONGITUD FIJA -- INFORMACIÓN GENERAL
Campo fijo de descripción fija -- Información general 240710t2008 sz ||||| |||| 00| 0 eng d
040 ## - FUENTE DE CATALOGACIÓN
Idioma de catalogación spa
Agencia que realiza la transcripción CO-MdFUSB
041 ## - CÓDIGO DE IDIOMA
Código de idioma para texto/pista de sonido o título separado eng
100 1# - ASIENTO PRINCIPAL--NOMBRE PERSONAL
Nombre personal Visser, Douwe
Término relacionador autor
245 10 - TÍTULO
Título Ephesians 4, the context of a theme
Mención de responsabilidad / Douwe Visser
520 ## - NOTA DE RESUMEN, ETC.
Nota de sumario, etc. El tema del Consejo Unificador de la WARC y el REC tiene su contexto en Efesios 4. Douwe Visser explica cómo las dos palabras clave del tema, unidad y paz, son también las palabras clave de Efesios 4. Su artículo deja claro cómo los dos llamados centrales de LA WCRC -comunión y justicia- tienen un trasfondo bíblico en este pasaje.
546 ## - NOTA DE IDIOMA
Nota de idioma Texto en inglés.
630 07 - PUNTO DE ACCESO ADICIONAL DE MATERIA - TÍTULO UNIFORME
Título uniforme Biblia.
Parte o sección de la obra Efesios
Subdivisión de materia general Crítica, interpretación, etc.
650 #7 - ASIENTO SECUNDARIO DE MATERIA - TERMINO TEMÁTICO
Término temático o nombre geográfico como elemento de entrada Hermenéutica bíblica
9 (RLIN) 7333
650 #0 - ASIENTO SECUNDARIO DE MATERIA - TERMINO TEMÁTICO
Término temático o nombre geográfico como elemento de entrada Comunión
9 (RLIN) 1156
650 #0 - ASIENTO SECUNDARIO DE MATERIA - TERMINO TEMÁTICO
Término temático o nombre geográfico como elemento de entrada Paz
9 (RLIN) 2052
773 0# - ASIENTO DE ITEM FUENTE
Título Reformed World
Biblionumber 49396
Itemnumber 59497
Parte(s) relacionada(s) / Volumen., número. (mes año), páginas Volumen 58, (número 2 & 3, 2008) páginas: 95 - 98
Enumeración y primera página páginas: 95
942 ## - TIPO DE MATERIAL (KOHA)
Tipo de Item KOHA Artículos de Revista
945 ## - INFORMACIÓN LOCAL DEL REGISTRO
Catalogador Catherine Arias Álvarez - Practicante SENA

No hay ítems disponibles.

Biblioteca FUSBC | Teléfono: (57+4) 349 88 10 Ext. 141| WhatsApp (+57) 3005338115 
E-mail: biblioteca@unisbc.edu.co | Calle 76 87-14 Robledo Palenque, Medellín, Colombia

Con tecnología Koha